| 000 | 01866cam a2200457 a 4500 | ||
|---|---|---|---|
| 001 | 21610 | ||
| 003 | VRT | ||
| 005 | 20260306140835.0 | ||
| 008 | 240313s2017 xo a b 000 p slo | ||
| 015 | _aSNBA2018/05 | ||
| 020 |
_a9788081240928 _q(viaz.) |
||
| 035 | _aAC39B384-B6A8-46FD-ABB4-B2455F4B81F6 | ||
| 035 | _aurn:nbn:sk:snk-am3iaqc | ||
| 035 | _aurn:nbn:sk:snk-am00d2nk | ||
| 039 | 9 |
_a202409100734 _bAUTHORITY _c202409100732 _dAUTHORITY _c202409100720 _dAUTHORITY _c202409100646 _dAUTHORITY |
|
| 040 |
_aHEVK _bslo _cHEVK _dSNK _eAACR2 |
||
| 041 | 0 | _aslo | |
| 044 |
_axo _cSK |
||
| 072 | 7 |
_a821.162.4-1 _xSlovenská poézia _2konspekt |
|
| 072 | 7 |
_a821-93 _xLiteratúra pre deti a mládež (beletria) _2konspekt |
|
| 080 |
_a821.162.4-1 _22011 |
||
| 080 |
_a82-93-053.2 _22011 |
||
| 100 | 1 |
_aBendová, Krista, _d1923-1988 _4aut |
|
| 245 | 1 | 0 |
_aČačky hračky _cKrista Bendová ; [ilustrácie] Oľga Bajusová |
| 260 |
_aBratislava _bBuvik _c2017 |
||
| 300 |
_a87 s. _bfareb. ilustr. _c18 cm |
||
| 655 | 7 |
_aslovenská poézia _2SNKPH |
|
| 655 | 7 |
_apublikácie pre deti _2SNKPH |
|
| 655 | 7 |
_aSlovak poetry _2SNKPHeng |
|
| 655 | 7 |
_aChildren's literature _2SNKPHeng |
|
| 700 | 1 |
_aBajusová, Oľga, _d1954-2012 _4ill |
|
| 910 | _ahevk | ||
| 910 | _asnk | ||
| 942 |
_2ddc _cKLDE _n0 |
||
| 949 |
_63830001142216 _akurukT18/BEND1-11 _bkuruk2021/F656 _oG2020/Adriana Čutková - Kníhkupectvo/20VF00014/Fond na podporu umenia na rok 2020, projekt č. 20-514-04042 s názvom: „Nákup knižničného fondu – priama podpora vedy a vzdelávania |
||
| 949 |
_6273K0628514 _asvkpoA 238472 _bsvkpo625303 |
||
| 949 |
_617A1323057 _asnkSD 87133 _bsnk2018/7301 _o255/18 _s6100:20180517 |
||
| 949 |
_617A1323058 _asnkSD 87133 D1 _bsnk2018/7303 _o255/18 |
||
| 949 |
_6270001000586047 _asvkbbA 153123 _bsvkbbm 773888 |
||
| 999 |
_c21610 _d21610 |
||